000 00309nam a22001457a 4500
008 231102b ||||| |||| 00| 0 eng d
020 _a0262023733
041 _aeng
080 _a573
082 _a573BAR
100 _a16
101 _aBIOLOG
245 _aEVOLUTION EXTENDED
_cBARLOW.C
942 _2udc
_cBK
999 _c60494
_d60494